| 000 | 00930nam a2200277Ia 4500 | ||
|---|---|---|---|
| 003 | OSt | ||
| 005 | 20221005092252.0 | ||
| 006 | a|||||r|||| 00| 0 | ||
| 007 | ta | ||
| 008 | 221004b |||||||| |||| 00| 0 eng d | ||
| 020 |
_a9780415962940 (hbk) _c4372.80 |
||
| 024 | _a94241 | ||
| 037 |
_b08-04384, 16/01/2009, Atlantic Publisher & Dist. Pvt Ltd. _cTextual |
||
| 040 |
_aCRL _cCRL _beng |
||
| 041 |
_2eng _aeng |
||
| 082 | _aU8, P9 | ||
| 100 |
_aKuehn Julia Ed. _9617077 |
||
| 245 | 0 |
_aTravel writing, form, and empire _b The poetics and politics of mobility |
|
| 260 |
_aNew York _bRoutledge U.S.A _c2009 |
||
| 300 |
_a255p. _ccm. |
||
| 490 | _aRoutledge research in travel writing | ||
| 650 | _aTRAVEL | ||
| 700 |
_a Smethurst Paul Ed. _9617078 |
||
| 942 |
_hU8, P9 _cTEXL _2cc |
||
| 999 |
_c998591 _d998591 |
||